000 00337 a2200157 4500
001 182156
020 _a978-85-60281-27-5
040 _cMagnum
100 _aRibeiro, João Ubaldo
240 1 0 _aSargento Getúlio
_lpor
245 1 0 _aSargento Getúlio
300 _a163
362 0 _a2007
697 _aLITERATURA GERAL
942 _cBK
999 _c182156
_d182156